000 00531cam a2200181 4500500
005 20260405002059.0
041 _afre
042 _adc
100 1 0 _aPortevin, Catherine
_eauthor
245 0 0 _aInsoumis
260 _c2015.
500 _a80
690 _aDémocratie
690 _aInsoumission
690 _aTzvetan Todorov
786 0 _nPhilosophie magazine | 93 | 10 | 2015-10-01 | p. 66-66 | 1951-1787
856 4 1 _uhttps://shs.cairn.info/magazine-philosophie-magazine-2015-10-page-66?lang=fr&redirect-ssocas=7080
999 _c2054033
_d2054033